000 00540nam a2200193Ia 4500
005 20260122095523.0
008 260121s9999||||xx |||||||||||||| ||und||
020 _a9781452217673
082 _a150.72
_bLEO
100 _aLeong, Frederick T. L.
245 0 _aPsychology research handbook :
_ba guide for graduate students and research assistants /
250 _a3rd ed.
260 _aUnited Kingdom :
_bSage,
_c2024.
300 _axxvii, 731 p.; pbk
650 _aPlanning
650 _aPsychology
650 _aResearch
942 _cTB
999 _c48612
_d48612